| 000 | 01256cam a2200349 a 4500 | ||
|---|---|---|---|
| 001 | 2411 | ||
| 003 | FISKH | ||
| 005 | 20250821141741.0 | ||
| 008 | 000216s2000 nyu c 000 1 eng | ||
| 010 | _a 00024186 | ||
| 020 | _a0439120411 (alk. paper) | ||
| 020 | _a9780439120425 | ||
| 040 |
_aDLC _cDLC _dDLC _beng |
||
| 042 | _alcac | ||
| 050 | 0 | 0 |
_aPZ7.R9553 _bEs 2000 |
| 082 | 0 | 0 |
_a[Fic] _221 |
| 100 | 1 | _aRyan, Pam Muñoz, | |
| 245 | 1 | 0 |
_aEsperanza rising / _cPam Muñoz Ryan. |
| 250 | _aThis edition first printing, June 2007 | ||
| 260 |
_aNew York : _bScholastic, _c2000 |
||
| 300 |
_a262 pages ; _c20 cm |
||
| 505 | _aR | ||
| 520 | _aEsperanza and her mother are forced to leave their life of wealth and privilege in Mexico to go work in the labor camps of Southern California, where they must adapt to the harsh circumstances facing Mexican farm workers on the eve of the Great Depression. | ||
| 521 | 8 |
_a750
_bLexile |
|
| 521 | 8 |
_aR
_bRaz-Plus |
|
| 650 | 0 |
_aMexican Americans _zCalifornia _vJuvenile fiction. |
|
| 650 | 1 |
_aMexican Americans _zCalifornia _vFiction. |
|
| 650 | 1 |
_aAgricultural laborers _vFiction. |
|
| 651 | 1 |
_aCalifornia _vFiction. |
|
| 906 |
_a7 _bcbc _corignew _d1 _eocip _f20 _gy-gencatlg |
||
| 942 |
_2ddc _cBK _n0 |
||
| 999 |
_c2411 _d2411 |
||